Toronto Raptors NBA Champions - Statistics

General Stats
  • This quiz has been taken 257 times
  • The average score is 8 of 14
Answer Stats
Titles Player % Correct
1 Kawhi Leonard
100%
1 Kyle Lowry
96%
1 Pascal Siakam
93%
1 Fred VanVleet
86%
1 Marc Gasol
85%
1 Danny Green
70%
1 Serge Ibaka
65%
1 Norman Powell
42%
1 Chirs Boucher
38%
1 Patrick McCaw
33%
1 Jeremy Lin
32%
1 Jodie Meeks
13%
1 Malcolm Miller
12%
1 Eric Moreland
11%
No matching quizzes found
Score Distribution
Percent of People with Each Score
Percentile by Number Answered
Your Score History
You have not taken this quiz